000
00339nam a22001097a 4500
082
_a
080
100
_a
ओशो
245
_a
सरहपा तिलोपा वाणी सहज योग भाग एक
260
_a
दिल्ली
_b
डायमंड बुक्स
_c
2019
650
_a
दशर्न
942
_c
HIN
999
_c
68353
_d
68353